Historical Enemies - Statistics

General Stats
  • This quiz has been taken 67 times
  • The average score is 9 of 12
Answer Stats
Country Period Answer % Correct
England Middle Ages France
100%
USA 1945-1991 USSR
98%
China 1894 - 1945 Japanese Empire
91%
South Korea Present North Korea
88%
India 20th century Pakistan
86%
Carthage 264 BC - 146 BC Roman Republic
79%
Byzantine Empire 1021 - 1453 Ottoman / Seljuk turks
78%
Azerbaijan Present Armenia
76%
Germany 1933 - 1945 USSR
71%
Iran Present Saudi Arabia
59%
Russian Empire 16th - 20th centuries Ottoman Empire
43%
Roman Empire 66 BC - 395 AD Parthian / Sassanid Empire
21%
No matching quizzes found
Score Distribution
Percent of People with Each Score
Percentile by Number Answered
Your Score History
You have not taken this quiz